书目信息 |
| 题名: |
环境噪声学
|
|
| 作者: | 张邦俊 , 翟国庆 编著 | |
| 分册: | ||
| 出版信息: | 杭州 浙江大学出版社 2001.09 |
|
| 页数: | 313页 | |
| 开本: | 20cm | |
| 丛书名: | ||
| 单 册: | ||
| 中图分类: | TB53 | |
| 科图分类: | ||
| 主题词: | 振动--噪声 , 安全科学 , 劳动保护 , 振动控制:噪声控制 | |
| 电子资源: | ||
| ISBN: | 7-308-02809-7 | |
| 000 | 00696nam0 2200241 45 | |
| 001 | 0253645140 | |
| 005 | 2002103114540514 | |
| 010 | @a7-308-02809-7@dRMB 15.00 | |
| 100 | @a20021031d2001 km y0chiy0120 ea | |
| 101 | 0 | @achi |
| 102 | @aCN@b330000 | |
| 200 | 1 | @a环境噪声学@Ahuan jing zao sheng xue@f张邦俊,翟国庆编著@FZhang Bang Jun,Zhai Guo Qing Bian Zhu |
| 210 | @a杭州@c浙江大学出版社@d2001.09 | |
| 215 | @a313页@d20cm | |
| 606 | 0 | @a振动@x噪声 |
| 606 | 0 | @a安全科学 |
| 606 | 0 | @a劳动保护 |
| 606 | 0 | @a振动控制:噪声控制 |
| 690 | @aTB53@v3 | |
| 701 | 0 | @a张邦俊@AZhang Bang Jun@4编著 |
| 701 | 0 | @a翟国庆@AZhai Guo Qing@4编著 |
| 801 | 0 | @aCN@bPFT@c20021031 |
| 905 | @a10447@dTB53@eZ072 | |
| 环境噪声学/张邦俊,翟国庆编著.-杭州:浙江大学出版社,2001.09 |
| 313页;20cm |
| ISBN 7-308-02809-7:RMB 15.00 |
| ● |
| 相关链接 |
|
|
|
正题名:环境噪声学
索取号:TB53/Z072
 
预约/预借
| 序号 | 登录号 | 条形码 | 馆藏地/架位号 | 状态 | 备注 |
| 1 | 370084 | 203700842 | 期刊室512/501自科库 17排4列3层/ [索取号:TB53/Z072] | 在馆 | |
| 2 | 370085 | 203700851 | 自科库501/501自科库 18排1列3层/ [索取号:TB53/Z072] | 在馆 | |
| 3 | 370086 | 203700860 | 自科库501/501自科库 17排4列3层/ [索取号:TB53/Z072] | 在馆 | |
| 4 | 370087 | 203700879 | 自科库501/501自科库 18排1列3层/ [索取号:TB53/Z072] | 在馆 | |
| 5 | 370088 | 203700888 | 期刊室512/501自科库 17排4列3层/ [索取号:TB53/Z072] | 在馆 |